La Identidad nacional en Cataluña / Francesc Hernández
Descripción Física:
285 p. ; 18 cm
Colección:
Vicens bolsillo ; 17
Materias:
Nacionalisme -- Catalunya
MARC
| LEADER | 00000nam a2200000Ia 4500 | ||
|---|---|---|---|
| 001 | 2243 | ||
| 008 | 160829s1983 xx 000 0 cat d | ||
| 080 | |a M-2-346 | ||
| 100 | |a Hernández, Francesc |9 24626 | ||
| 245 | |a La Identidad nacional en Cataluña / Francesc Hernández | ||
| 260 | |a Barcelona : |b Vicens Vives, |c 1983 | ||
| 300 | |a 285 p. ; |c 18 cm | ||
| 490 | |a Vicens bolsillo ; 17 | ||
| 650 | 0 | |a Nacionalisme |z Catalunya |9 11008 | |
| 901 | |a Arxiu | ||
| 942 | |n 1 | ||
| 952 | |0 0 |1 0 |4 0 |6 M2346 |7 1 |9 43236 |a Arxiu |b Arxiu |d 2016-12-01 |l 0 |o M-2-346 |p 2243 |r 2016-12-01 00:00:00 |w 2016-12-01 |y ARXIU | ||
| 999 | |c 45780 |d 45780 | ||